| 000 | 00759cab a22002415a 4500 | ||
|---|---|---|---|
| 001 | L155119 | ||
| 008 | 120302e20120225xxk 000 0 eng d | ||
| 035 | _a(Sirsi) u155119 | ||
| 041 | 0 | _aeng | |
| 100 | 1 | _aTodd, Andrew | |
| 245 | 0 | 0 | _aReturn to sender |
| 260 | _c2012 | ||
| 490 |
_aEstates Gazette _v(1208) 25 February 2012, 93(1) |
||
| 520 | _aWith reference to case law, highlights the legal standing of the use of electronic communications in contract law. | ||
| 590 | _aKA | ||
| 650 | 2 | 4 | _aLAW OF PROPERTY (MISCELLANEOUS PROVISIONS) ACT 1989 S2 |
| 650 | 2 | 4 | _aGREEN V IRELAND |
| 650 | 2 | 4 | _aJ PEREIRA FERNANDEX SA V MEHTA |
| 650 | 2 | 4 | _aELECTRONIC COMMUNICATIONS ACT 2000 |
| 651 | 4 | _aUnited Kingdom | |
| 690 |
_aContracts _96232 |
||
| 942 | _n0 | ||
| 999 |
_c83817 _d83817 |
||